| LEADER | 00454cam a2200145 7i4500 | ||
|---|---|---|---|
| 001 | 0000024188 | ||
| 005 | 20100211090000.0 | ||
| 090 | 0 | 0 | |a I 338.4791 |b WOR |
| 110 | 2 | 0 | |a World Economic Forum |
| 245 | 2 | 4 | |a The Travel & tourism competitiveness report 2009 : |b managing in a time of turbulence. |
| 260 | 0 | 0 | |a Geneva: |b World Economic Forum, |c 2009. |
| 300 | # | # | |a 497. |
| 650 | 0 | 0 | |a Tourism |
| 650 | 0 | 0 | |a Travel |
| 999 | |a 0000025850 |b Book |c International |e Business Information Centre | ||